| 000 | 00487nam a22001937a 4500 | ||
|---|---|---|---|
| 003 | MPLRDC | ||
| 005 | 20220104113715.0 | ||
| 008 | 210129b ||||| |||| 00| 0 eng d | ||
| 020 | _a983-164-196-5 | ||
| 082 | _a857.7 YQXS v.3411 | ||
| 100 | _a郝逑 | ||
| 245 |
_a冷刀邪魅 _c |
||
| 250 | _a初版 | ||
| 260 |
_a马来西亚 _b立腾出版社有限公司 _c2001 |
||
| 300 | _b249 | ||
| 490 | _a言情小说. BNAC-Z3411 | ||
| 650 | _a长篇小说 | ||
| 942 |
_cBK _o857.7 YQXS v.3411 |
||
| 999 |
_c1726 _d1716 |
||